000 00518nam a2200193Ia 4500
005 20250326141323.0
008 250326s9999 xx 000 0 und d
037 _aTextbook
040 _aFMSL
_beng
_cFMSL
041 _aeng
_2eng
084 _qFMSL
100 _aPindyck RS
_9744163
245 0 _aEconometric models and economic forecasts
_cPindyck Rs; Rubinfeld Dl
250 _a3rd
260 _aNew York
_bNew York, Mcgraw-Hill Inc.
_c1991
300 _a618p
942 _cTB
999 _c1289760
_d1289760